Statistics for Groups of Things: National Parks

Click here to take the quiz!

General Stats

  • This quiz has been taken 230 times
    (171 since last reset)
  • The average score is 23 of 36

Answer Stats

HintAnswer% Correct
National Parks on the Colorado RiverGrand Canyon
92%
National Parks which span multiple statesYellowstone
92%
States included in the Trail of Tears National Historic TrailOklahoma
80%
National Parks located entirely on islandsDry Tortugas
79%
States included in the Trail of Tears National Historic TrailAlabama
78%
States included in the Trail of Tears National Historic TrailArkansas
77%
State high points that lie within National ParksDenali
77%
National Parks located entirely on islandsChannel Islands
76%
States included in the Trail of Tears National Historic TrailMissouri
76%
National Parks located entirely on islandsHawaii Volcanoes
75%
States included in the Trail of Tears National Historic TrailTennessee
75%
States included in the Trail of Tears National Historic TrailGeorgia
74%
"Big Three" north-to-south hiking trailsAppalachian
73%
National Parks on the Colorado RiverRocky Mountain
70%
National Parks which span multiple statesGreat Smoky Mountains
69%
National Parks located entirely on islandsIsle Royale
69%
States included in the Trail of Tears National Historic TrailKentucky
68%
Presidents since 1906 who dedicated no National MonumentsGeorge H.W. Bush
66%
National Parks on the Colorado RiverArches
62%
National Parks which span multiple statesDeath Valley
61%
States included in the Trail of Tears National Historic TrailNorth Carolina
60%
Species on the National Parks logoAmerican Bison
57%
National Parks on the Colorado RiverCanyonlands
57%
Presidents since 1906 who dedicated no National MonumentsRonald Reagan
57%
National Parks located entirely on islandsUS Virgin Islands
57%
National Parks located entirely on islandsAmerican Samoa
55%
States included in the Trail of Tears National Historic TrailIllinois
55%
Presidents since 1906 who dedicated no National MonumentsRichard Nixon
54%
National Parks located entirely on islandsHaleakala
52%
State high points that lie within National ParksMount Rainier
52%
"Big Three" north-to-south hiking trailsPacific Crest
52%
State high points that lie within National ParksMount Whitney
46%
Species on the National Parks logoGiant Sequoia
40%
"Big Three" north-to-south hiking trailsContinental Divide
36%
State high points that lie within National ParksGuadalupe Peak
30%
State high points that lie within National ParksClingman's Dome
14%

Score Distribution

Percentile by Number Answered

Percent of People with Each Score

Your Score History

You have not taken this quiz since the last reset